Lectures on differential geometry /
Guardado en:
| Autor Principal: | |
|---|---|
| Formato: | Libro |
| Idioma: | English |
| Publicado: |
Englewood Cliffs, N.J. :
Prentice-Hall,
c1964.
|
| Series: | Prentice-Hall mathematics series
|
| Materias: | |
| Etiquetas: |
Agregar Etiqueta
Sin Etiquetas, Sea el primero en etiquetar este registro!
|
| LEADER | 00667nam a22002055a 4500 | ||
|---|---|---|---|
| 001 | MAT.inmabb005337 | ||
| 008 | 840809s1964####njua#####b####001#0#eng## | ||
| 005 | 20160531170918.0 | ||
| 245 | 1 | 0 | |a Lectures on differential geometry / |c Shlomo Sternberg. |
| 260 | |a Englewood Cliffs, N.J. : |b Prentice-Hall, |c c1964. | ||
| 300 | |a xi, 390 p. : |b il. ; |c 24 cm. | ||
| 440 | 0 | |a Prentice-Hall mathematics series | |
| 504 | |a Bibliografía: p. 385-386. | ||
| 510 | 4 | |a MR, |c 33 #1797 | |
| 100 | 1 | |a Sternberg, Shlomo. | |
| 650 | 0 | |a Geometry, Differential. | |
| 084 | |a 58-01 (53-01) |2 msc2000 | ||
| 010 | |a 63007993 | ||
| 040 | |a DLC/ICU |c ICU |d DLC | ||
| 859 | |h 58 |i St839 |p A-2511 |b BIB. MATEMATICA | ||
